00717nam a2200265Ia 4500008004100000020001800041050001000059050001400069100002000083245003400103245005600137245004100193260002500234260002000259260000900279300001600288300002000304300001000324500003300334650002300367650001500390650001500405700002000420700001100440171025s9999 xx 000 0 und d a9780071324090 a649.1 bG647 2011 aGoode, Caron B. aRaising intuitive children :  bguide your children to know and trust their gifts / cby Caron B. Goode and Tara Paterson. aFranklin Lakes, NJ : bNew Page Books, c2011 a238 pages : billustrations ; c22cm. aIncludes appendix and index. aChild development. aIntuition. aParenting. aPaterson, Tara. aTitle.